Capital Cities (Medium Difficulty) - Statistics

General Stats
  • This quiz has been taken 261 times
  • The average score is 13 of 20
Answer Stats
Country Capital % Correct
Portugal Lisbon
84%
Norway Oslo
82%
Cuba Havana
77%
South Korea Seoul
77%
Chile Santiago
75%
Indonesia Jakarta
74%
Belarus Minsk
72%
Turkey Ankara
71%
Croatia Zagreb
68%
Kenya Nairobi
65%
Vietnam Hanoi
61%
Latvia Riga
61%
Iran Tehran
59%
Morocco Rabat
58%
Nepal Kathmandu
56%
Uruguay Montevideo
54%
Slovakia Bratislava
52%
Zimbabwe Harare
42%
Nigeria Abuja
40%
Oman Muscat
39%
No matching quizzes found
Score Distribution
Percent of People with Each Score
Percentile by Number Answered
Your Score History
You have not taken this quiz